000 00278nam a22001337a 4500
008 170215b xxu||||| |||| 00| 0 eng d
020 _a9780750671095
041 _aeng
080 _a61
100 _a4
101 _aSHM
245 _aCLINICAL EPILEPSY
_cBRUNI
942 _2udc
_cBK
999 _c5520
_d5520